<?xml version="1.0" encoding="UTF-8"?>
<record
    xmlns:xsi="http://www.w3.org/2001/XMLSchema-instance"
    xsi:schemaLocation="http://www.loc.gov/MARC21/slim http://www.loc.gov/standards/marcxml/schema/MARC21slim.xsd"
    xmlns="http://www.loc.gov/MARC21/slim">

  <leader>01499nam a2200289   4500</leader>
  <controlfield tag="001">262</controlfield>
  <controlfield tag="003">OSt</controlfield>
  <controlfield tag="005">20250327122449.0</controlfield>
  <controlfield tag="008">250224b        |||||||e |||| 00| 1 eng d</controlfield>
  <datafield tag="020" ind1=" " ind2=" ">
    <subfield code="a">9788573533491</subfield>
  </datafield>
  <datafield tag="040" ind1=" " ind2=" ">
    <subfield code="b">por</subfield>
  </datafield>
  <datafield tag="041" ind1=" " ind2=" ">
    <subfield code="h">por</subfield>
  </datafield>
  <datafield tag="082" ind1=" " ind2=" ">
    <subfield code="a">133.93</subfield>
    <subfield code="b">M332n</subfield>
  </datafield>
  <datafield tag="100" ind1=" " ind2=" ">
    <subfield code="a">Maria do Ros&#xE1;rio, Irm&#xE3; (esp&#xED;rito)</subfield>
    <subfield code="9">483</subfield>
  </datafield>
  <datafield tag="245" ind1=" " ind2=" ">
    <subfield code="a">Na cura da alma / </subfield>
    <subfield code="c">Maria do Ros&#xE1;rio, Irm&#xE3; (esp&#xED;rito) ; Psicografado por Cominatto, L&#xFA;cia (m&#xE9;dium)</subfield>
  </datafield>
  <datafield tag="260" ind1=" " ind2=" ">
    <subfield code="a">Capivari</subfield>
    <subfield code="b">EME</subfield>
    <subfield code="c">2014</subfield>
  </datafield>
  <datafield tag="300" ind1=" " ind2=" ">
    <subfield code="a">208 p.</subfield>
  </datafield>
  <datafield tag="520" ind1=" " ind2=" ">
    <subfield code="a">Em Na cura da Alma, o Esp&#xED;rito Irm&#xE3; Maria do Ros&#xE1;rio, atrav&#xE9;s da m&#xE9;dium L&#xFA;cia Cominatto, nos presenteia com mensagens que enchem nossos cora&#xE7;&#xF5;es de f&#xE9;, amor, coragem, paz e esperan&#xE7;a.
Envoltos pelos problemas da vida cotidiana, muitas vezes n&#xE3;o vemos sa&#xED;da para as situa&#xE7;&#xF5;es em que nos encontramos. Desesperados, esquecemos de elevar o pensamento a Deus e confiar em Seus des&#xED;gnios.
&#xC9; a esses momentos que mais se aplica a presente obra, feita para estar sempre &#xE0; m&#xE3;o. Cada novo texto serve para lembrar-nos de que, n&#xE3;o importa o que nos aconte&#xE7;a, devemos ter sempre a certeza de que o Pai nunca desampara Seus filhos, nem mesmo o mais pequenino deles.</subfield>
  </datafield>
  <datafield tag="650" ind1=" " ind2="0">
    <subfield code="a">Literatura Brasileira</subfield>
    <subfield code="9">205</subfield>
  </datafield>
  <datafield tag="650" ind1=" " ind2="0">
    <subfield code="a">Psicografias</subfield>
    <subfield code="9">485</subfield>
  </datafield>
  <datafield tag="650" ind1=" " ind2="0">
    <subfield code="a">Estudos Esp&#xED;ritas </subfield>
    <subfield code="9">165</subfield>
  </datafield>
  <datafield tag="650" ind1=" " ind2="0">
    <subfield code="a">Auto Conhecimento</subfield>
    <subfield code="9">19</subfield>
  </datafield>
  <datafield tag="650" ind1=" " ind2="0">
    <subfield code="a">Mediunidade</subfield>
    <subfield code="9">166</subfield>
  </datafield>
  <datafield tag="655" ind1=" " ind2="0">
    <subfield code="a">Romance</subfield>
    <subfield code="9">23</subfield>
  </datafield>
  <datafield tag="700" ind1="1" ind2=" ">
    <subfield code="a">Cominatto, L&#xFA;cia.</subfield>
    <subfield code="d">1929-2017</subfield>
    <subfield code="e">(m&#xE9;dium)</subfield>
    <subfield code="9">484</subfield>
  </datafield>
  <datafield tag="942" ind1=" " ind2=" ">
    <subfield code="2">ddc</subfield>
    <subfield code="n">0</subfield>
    <subfield code="c">BK</subfield>
  </datafield>
  <datafield tag="952" ind1=" " ind2=" ">
    <subfield code="0">0</subfield>
    <subfield code="1">0</subfield>
    <subfield code="2">ddc</subfield>
    <subfield code="3"> </subfield>
    <subfield code="4">0</subfield>
    <subfield code="7">0</subfield>
    <subfield code="8">NFIC</subfield>
    <subfield code="a">BIBIB</subfield>
    <subfield code="b">BIBIB</subfield>
    <subfield code="c">ESP</subfield>
    <subfield code="d">2025-02-25</subfield>
    <subfield code="e">doa&#xE7;&#xE3;o</subfield>
    <subfield code="l">0</subfield>
    <subfield code="o">133.93 / M332n</subfield>
    <subfield code="p">2025-17214</subfield>
    <subfield code="r">2025-02-24 13:54:09</subfield>
    <subfield code="t">Ex. 01</subfield>
    <subfield code="w">2025-02-24</subfield>
    <subfield code="y">BK</subfield>
  </datafield>
  <datafield tag="952" ind1=" " ind2=" ">
    <subfield code="0">0</subfield>
    <subfield code="1">0</subfield>
    <subfield code="2">ddc</subfield>
    <subfield code="3"> </subfield>
    <subfield code="4">0</subfield>
    <subfield code="7">0</subfield>
    <subfield code="8">NFIC</subfield>
    <subfield code="a">BIBIB</subfield>
    <subfield code="b">BIBIB</subfield>
    <subfield code="c">ESP</subfield>
    <subfield code="d">2025-02-25</subfield>
    <subfield code="e">doa&#xE7;&#xE3;o</subfield>
    <subfield code="l">0</subfield>
    <subfield code="o">133.93 / M332n</subfield>
    <subfield code="p">2025-17215</subfield>
    <subfield code="r">2025-02-24 13:54:09</subfield>
    <subfield code="t">Ex. 02</subfield>
    <subfield code="w">2025-02-24</subfield>
    <subfield code="y">BK</subfield>
  </datafield>
  <datafield tag="999" ind1=" " ind2=" ">
    <subfield code="c">262</subfield>
    <subfield code="d">262</subfield>
  </datafield>
</record>
